Größte Städte des Regierungsbezirks Tübingen - Statistiken

Allgemein
  • Dieses Quiz wurde 136 mal gespielt
  • Das Durchschnittsergebnis liegt bei 13 aus 20
Antwortstatistiken
Einwohner Kreis Stadt % Korrekt
91.506 Tübingen Tübingen
99%
115.865 Reutlingen Reutlingen
97%
33.265 Biberach Biberach an der Riß
92%
50.897 Ravensburg Ravensburg
92%
126.790 kreisfrei Ulm
88%
61.283 Bodenseekreis Friedrichshafen
87%
43.843 Tübingen Rottenburg am Neckar
74%
45.465 Zollernalbkreis Albstadt
69%
34.332 Zollernalbkreis Balingen
69%
22.069 Reutlingen Metzingen
58%
20.455 Tübingen Mössingen
56%
22.475 Bodenseekreis Überlingen
55%
26.917 Ravensburg Wangen im Allgäu
51%
19.259 Zollernalbkreis Hechingen
50%
26.293 Alb-Donau-Kreis Ehingen (Donau)
49%
25.155 Ravensburg Weingarten
41%
20.149 Ravensburg Bad Waldsee
36%
22.939 Ravensburg Leutkirch im Allgäu
36%
19.437 Bodenseekreis Tettnang
34%
22.429 Biberach Laupheim
33%
Keine übereinstimmenden Quizze gefunden
Verteilung der Resultate
Anzahl Personen mit jedem Resultat
Perzentil nach korrekt beantworteten Fragen
Ihre Resultats-Entwicklung
Sie haben dieses Quiz noch nicht gespielt